Normal view
MARC view
Entry Personal Name
001 - CONTROL NUMBER
- control field: 1239453
003 - CONTROL NUMBER IDENTIFIER
- control field: OSt
005 - DATE AND TIME OF LATEST TRANSACTION
- control field: 20260514122526.0
008 - FIXED-LENGTH DATA ELEMENTS
- fixed length control field: 260514|| aca||aabn | a|a d
040 ## - CATALOGING SOURCE
- Original cataloging agency: OSt
- Transcribing agency: OSt
100 ## - HEADING--PERSONAL NAME
- Personal name: Puja Sakhuja
670 ## - SOURCE DATA FOUND
- Source citation: Work cat.: (OSt)1851461: Gupta Shashank 1239448, Role of Perfusion Computed Tomography in Characterization of Gastrointestinal Stromal Tumours and Lymphomas.
